• Fortunatus a Iesu,

di Personal Name

Records bibliografici associati: 1

001 - CONTROL NUMBER

  • control field: 63215

003 - CONTROL NUMBER IDENTIFIER

  • control field: IT-RoINE

005 - DATE AND TIME OF LATEST TRANSACTION

  • control field: 20191008072218.0

008 - FIXED-LENGTH DATA ELEMENTS

  • fixed length control field: 191008|| aca||aabn | a|a d

040 ## - CATALOGING SOURCE

  • Original cataloging agency: IT-RoINE
  • Transcribing agency: IT-RoINE

100 ## - HEADING--PERSONAL NAME

  • Personal name: Fortunatus a Iesu,
  • Titles and other words associated with a name: O.C.D.

670 ## - SOURCE DATA FOUND

  • Source citation: Work cat.: (IT-RoINE)0: 257 Carmelitas Descalzos, Constitutiones Carmelitarum Discalceatorum 1567-1600 /, 1968.